书目信息 |
| 题名: |
20世纪瑞士建筑
|
|
| 作者: | 达盖尔 著 ;杨豪中 , 张蔚萍 , 谢工曲 译 | |
| 分册: | ||
| 出版信息: | 北京 中国建筑工业出版社 2009.02 |
|
| 页数: | 434页 | |
| 开本: | 21cm | |
| 丛书名: | ||
| 单 册: | ||
| 中图分类: | TU206 | |
| 科图分类: | ||
| 主题词: | 建筑设计--jian zhu she ji--瑞士--20世纪--图集 | |
| 电子资源: | ||
| ISBN: | 978-7-112-09606-0 | |
| 000 | 00906nam0 2200253 450 | |
| 001 | 0100000957 | |
| 005 | 20240510095823.16 | |
| 010 | @a978-7-112-09606-0@dCNY68.00 | |
| 100 | @a20090512d2009 em y0chiy50 ea | |
| 101 | 1 | @achi@ceng |
| 102 | @aCN@b110000 | |
| 200 | 1 | @a20世纪瑞士建筑@A20 shi ji rui shi jian zhu@f(瑞士) 梅塞德斯·达盖尔著@g杨豪中, 张蔚萍, 谢工曲译 |
| 210 | @a北京@c中国建筑工业出版社@d2009.02 | |
| 215 | @a434页@c地图, 图@d21cm | |
| 305 | @a本书经Electa S.P.A.出版公司授权出版 | |
| 320 | @a有书目 (第403-404页) | |
| 606 | 0 | @a建筑设计@Ajian zhu she ji@y瑞士@z20世纪@j图集 |
| 690 | @aTU206@v4 | |
| 701 | 1 | @a达盖尔@Ada gai er@g(Daguerre, Mercedes)@4著 |
| 702 | 0 | @a杨豪中@Ayang hao zhong@f1956~@4译 |
| 702 | 0 | @a张蔚萍@Azhang wei ping@4译 |
| 702 | 0 | @a谢工曲@Axie gong qu@f1959~@4译 |
| 801 | 0 | @aCN@b河南城建学院图书馆@c20090512 |
| 905 | @b20805401-03@dTU206@eD004@fTU206/D004 | |
| 20世纪瑞士建筑/(瑞士) 梅塞德斯·达盖尔著/杨豪中, 张蔚萍, 谢工曲译.-北京:中国建筑工业出版社,2009.02 |
| 434页:地图, 图;21cm |
| ISBN 978-7-112-09606-0:CNY68.00 |
| ● |
| 相关链接 |
|
|
|
正题名:20世纪瑞士建筑
索取号:TU206/D004
 
预约/预借
| 序号 | 登录号 | 条形码 | 馆藏地/架位号 | 状态 | 备注 |
| 1 | 1307936 | 213079363 | 建筑库101/101建筑库 40排5列2层/ [索取号:TU206/D004] | 在馆 | |
| 2 | 1307937 | 213079372 | 建筑库101/101建筑库 40排5列2层/ [索取号:TU206/D004] | 在馆 | |
| 3 | 1307938 | 213079381 | 建筑库101/101建筑库 40排5列2层/ [索取号:TU206/D004] | 在馆 | |
| 4 | 1307939 | 213079390 | 建筑库101/101建筑库 40排5列2层/ [索取号:TU206/D004] | 在馆 | |
| 5 | 1307940 | 213079407 | 建筑库101/101建筑库 40排5列2层/ [索取号:TU206/D004] | 在馆 | |
| 6 | 1551345 | 215513451 | 建筑库101/101建筑库 40排5列2层/ [索取号:TU206/D004] | 在馆 | |
| 7 | 1551346 | 215513460 | 建筑库101/101建筑库 40排5列2层/ [索取号:TU206/D004] | 在馆 | |
| 8 | 1551347 | 215513479 | 建筑库101/101建筑库 40排5列2层/ [索取号:TU206/D004] | 在馆 | |
| 9 | 1551348 | 215513488 | 建筑库101/101建筑库 40排5列2层/ [索取号:TU206/D004] | 在馆 | |
| 10 | 1551349 | 215513497 | 建筑库101/101建筑库 40排5列2层/ [索取号:TU206/D004] | 在馆 | |
| 11 | 805401 | 208054013 | 建筑库101/101建筑库 40排5列2层/ [索取号:TU206/D004] | 在馆 | |
| 12 | 805402 | 208054022 | 建筑库101/101建筑库 40排5列2层/ [索取号:TU206/D004] | 在馆 | |
| 13 | 805403 | 208054031 | 建筑库101/101建筑库 40排5列2层/ [索取号:TU206/D004] | 在馆 |